Statistics for Rivers with the biggest water release, and the Countries they are flowing through

Click here to take the quiz!

General Stats

  • This quiz has been taken 19 times
  • The average score is 84 of 129

Answer Stats

Most water-rich rivers% Correct
Brazil
94%
Brazil (World's biggest Tributary)
94%
Peru
94%
Amazon
89%
Austria
89%
China
89%
Danube
89%
India
89%
Mississippi
89%
Russia
89%
Bangladesh
83%
Cambodia
83%
Congo
83%
Germany
83%
Mekong
83%
Romania
83%
Serbia
83%
Slovakia
83%
Thailand
83%
USA
83%
Venezuela
83%
Vietnam
83%
Bulgaria
78%
Ganges
78%
Laos
78%
Ukraine
78%
Yangtze
78%
Argentina
72%
Canada
72%
Colombia
72%
Croatia
72%
Hungary
72%
Myanmar
72%
Volga
72%
D.R.Congo
67%
D.R. Congo
67%
Indus
67%
Niger
67%
Orinoco
67%
Pakistan
67%
Uruguay
67%
Moldova
61%
Nigeria
61%
Ob
61%
Republic of the Congo
61%
MacKenzie
56%
Mali
56%
Paraguay
56%
Parana
56%
Angola
50%
Benin
50%
Lena
50%
Mongolia
50%
St. Lawrence River
50%
Zambezi
50%
Zambia
50%
Zimbabwe
50%
Amur
44%
Brahmaputra
44%
Mozambique
39%
Namibia
39%
Ohio
39%
Pearl
39%
Yenisei
39%
Ecuador
33%
Guinea
28%
Columbia
22%
Rio Negro
17%
Rio de la Plata
11%
Rio Ucayali
11%
Kasai
0%
Meghna
0%
Padma
0%
Rio Araguaia
0%
Rio Japura
0%
Rio Jurua
0%
Rio Madeira
0%
Rio Napo
0%
Rio Purus
0%
Rio Putumayo
0%
Rio Tapajos
0%
Rio Tocantins
0%
Westfluss
0%

Score Distribution

Percentile by Number Answered

Percent of People with Each Score

Your Score History

You have not taken this quiz